Propylitizované bazalty a plagiodacity z permských metasedimentov Tríbeča

Bibliographic Details
Main Authors: Ďurovič, Vincent, 1931- (Author), Korikovskij, Sergej Petrovič (Author), Laputina, Irina Petrovna (Author), Ďurovičová, Marta (Author)
Format: Article
Language:Slovak
PhysicalDescription:Obr. 5, tab. 3, res. angl., lit. 15 zázn. v angl.
ISSN:0369-2086
Subjects:

MARC

LEADER 00000nab a2200000 a 4500
001 vtls000475295
003 SK-MaSNL
005 20260303160830.0
008 230223c1992 xo 0 slo
015 |a SNBRB19rr/mm-uuuuu 
035 |a CL0475429 
035 |a (urnnbn)urn:nbn:sk:snk:ar-005iw8 
035 |a (uuid)b4b69356-31d6-466d-8d91-6b6f80cfea8f 
035 |a urn:nbn:sk:snk-ab7zga 
040 |a SNKBUCL  |b slo  |c SNKBUCL  |e AACR2 
041 0 |a slo 
044 |a xo  |c SK 
080 |a 552.331:552.5:551.736:549  |2 1981 
080 |a 552.5  |2 1981 
080 |a 551.736  |2 1981 
080 |a 549  |2 1981 
245 0 0 |a Propylitizované bazalty a plagiodacity z permských metasedimentov Tríbeča  |c Vincent Ďurovič, Sergej Petrovič Korikovskij, Irina Petrovna Laputina, Marta Ďurovičová 
300 |b Obr. 5, tab. 3, res. angl., lit. 15 zázn. v angl. 
650 0 7 |a plagiodacity  |2 snkbucl  |9 1182233 
650 0 7 |a bazalty  |2 snkbucl  |9 57763 
650 0 7 |a metasedimenty  |2 snkbucl  |9 1182231 
651 7 |a Tribeč (Slovensko : pohorie)  |2 snkbucl  |9 164699 
655 7 |a články z novín a časopisov  |2 snkbucl  |9 267496 
700 1 |a Ďurovič, Vincent,  |d 1931-  |4 aut  |9 41568 
700 1 |a Korikovskij, Sergej Petrovič  |4 aut  |9 514250 
700 1 |a Laputina, Irina Petrovna  |4 aut  |9 1182234 
700 1 |a Ďurovičová, Marta  |4 aut  |9 11256 
773 0 |t Mineralia slovaca  |g Roč. 24, č. 5-6 (1992), s. 407-412  |x 0369-2086 
850 |a Slovenská národná knižnica v Martine  |a MTA001 
852 |a SNK  |b KIS3GCP 
954 |a odborná, vedecká literatúra pôvodná (slovenská)  |2 lita 
958 |a NB 
958 |a RK 
958 |a OND 
958 |a EUIPO 
958 |a article9 
992 |a RBX 
999 |c 2047366  |d 2049296